15 największych miast Rosji - Statystyki

Ogólne statystyki
  • Ten quiz został rozwiązany 325 razy
  • Średni wynik to 7 z 15
Statystyki odpowiedzi
Ludność Miasto % Poprawnych
12 506 468 Moskwa
100%
5 351 935 Sankt Petersburg
98%
1 243 500 Kazań
64%
1 013 533 Wołgograd
60%
1 468 833 Jekaterynburg
50%
1 130 305 Rostów nad Donem
45%
1 163 399 Samara
45%
1 259 013 Niżny Nowogród
44%
1 120 547 Ufa
41%
1 612 833 Nowosybirsk
40%
1 051 583 Perm
37%
1 172 070 Omsk
32%
1 202 371 Czelabińsk
25%
1 090 811 Krasnojarsk
17%
1 047 549 Woroneż
17%
Nie znaleziono quizów pasujących do podanych kryteriów
Rozkład punktacji
Procent ludzi z każdym wynikiem
Percentyl według liczby udzielonych odpowiedzi
Twoja historia wyników
Nie rozwiązałeś tego quizu